15 Richest Countries in Africa in 1975 - Statistics

General Stats
  • This quiz has been taken 73 times
  • The average score is 11 of 15
Answer Stats
GDP per capita In Dollars 2022 Country % Correct
1,429$ 7,759$ South Africa
97%
971$ 5,272$ Algeria
93%
519$ 2,818$ Morocco
93%
764$ 4,148$ Tunisia
92%
5,220$ 28,344$ Libya
90%
471$ 2,557$ Nigeria
82%
800$ 4,344$ Seychelles
78%
1,194$ 6,483$ Mauritius
75%
497$ 2,698$ People's Republic of Congo
75%
3,591$ 19,499$ Gabon
63%
591$ 3,209$ Ivory Coast
62%
474$ 2,573$ Zambia
62%
456$ 2,476$ Equatorial Guinea
60%
545$ 2,959$ Swaziland
52%
704$ 3,822$ Rhodesia
38%
No matching quizzes found
Score Distribution
Percent of People with Each Score
Percentile by Number Answered
Your Score History
You have not taken this quiz